000 00661nam a2200241Ia 4500
003 OSt
005 20220925183053.0
006 a|||||r|||| 00| 0
007 ta
008 220923b |||||||| |||| 00| 0 eng d
037 _cGeneral Book
040 _aRTL
_cRTL
_beng
041 _2eng
_aeng
082 _aV498.N5, J9/GD
100 _aDalai Lama
_976992
245 0 _aInternational position of Tibet
260 _aDelhi
_bCentral Electric Press
_c1959
300 _a49p
_ccm.
500 _aAppendix: P 32-49
650 _aFreedom Struggle History
942 _hV498.N5, J9/GD
_cGB
_2CC
999 _c503870
_d503870